000 00260nam a2200097Ia 4500
001 1300831
005 20260420095911.0
008 260420s9999 xx 000 0 und d
245 0 _aSESSİZ YÜREK
_cNECATİ GÜNGÖR
260 _bGÜNIŞIĞI KİTAPLIĞI YAYINLARI
999 _c1300831
_d1300831